Machine Design (Record no. 223948)
[ view plain ]
| 000 -LEADER | |
|---|---|
| fixed length control field | 00482nam a2200181Ia 4500 |
| 008 - FIXED-LENGTH DATA ELEMENTS--GENERAL INFORMATION | |
| fixed length control field | 230714s9999 xx 000 0 und d |
| 020 ## - INTERNATIONAL STANDARD BOOK NUMBER | |
| International Standard Book Number | 9790000000000 |
| 041 ## - LANGUAGE CODE | |
| Language code of text/sound track or separate title | eng |
| 082 ## - DEWEY DECIMAL CLASSIFICATION NUMBER | |
| Classification number | 621.815 |
| Item number | KAN |
| 100 ## - MAIN ENTRY--PERSONAL NAME | |
| Personal name | Kannaiah P. |
| 9 (RLIN) | 201067 |
| 245 ## - TITLE STATEMENT | |
| Title | Machine Design |
| Remainder of title | In SI Units |
| 250 ## - EDITION STATEMENT | |
| Edition statement | 2nd ed. |
| 260 ## - PUBLICATION, DISTRIBUTION, ETC. (IMPRINT) | |
| Date of publication, distribution, etc. | 2017 |
| Name of publisher, distributor, etc. | Scitech Publication |
| 300 ## - PHYSICAL DESCRIPTION | |
| Extent | 915 |
| 365 ## - TRADE PRICE | |
| Currency code | Rs. |
| Price amount | 576.00 |
| 700 ## - ADDED ENTRY--PERSONAL NAME | |
| Personal name | Kannaiah P. |
| 9 (RLIN) | 201067 |
| 906 ## - LOCAL DATA ELEMENT F, LDF (RLIN) | |
| d | O:0609506-Sep-2018B:463220-Aug-2018 |
| c | TM |
| b | 1440 |
No items available.